00473nam a2200193Ia 4500008004100000020001800041050001400059100001800073245002900091245001800120260001500138260001600153260000900169300001500178300002700193300001000220440004100230500000800271170918s9999 xx 000 0 und d a9780545358576 bM468 2010 aMayer, Mercer aJust critters who care / cMercer Mayer. aNew York : bScholastic, c2010 a32 pages : bcolored illustration ; c23cm. aI can read! Shared my first reading. a210